| 000 | 00996nam a22002537a 4500 | ||
|---|---|---|---|
| 005 | 20210325204256.0 | ||
| 008 | s2552 th tha d | ||
| 020 | _a9786169014607 | ||
| 041 | _atha | ||
| 050 | _aHD38.5 อ399ร 2553 | ||
| 100 | 0 | _aอรุณ บริรักษ์ | |
| 245 | 1 | 0 |
_aรวมพลคนโลจิสติกส์ guru-CEO : _bLogistics Case Study in Thailand 10 |
| 260 | 3 |
_aกรุงเทพฯ _c2552 |
|
| 300 |
_a206 หน้า : _b ภาพประกอบ ; _c 21 ซม. |
||
| 650 | 0 | 4 | _aซี อี โอ |
| 650 | 0 | 4 | _aการวางแผนธุรกิจ |
| 650 | 0 | 4 | _aการบริหารงานโลจิสติกส์ |
| 650 | 0 | 4 | _aนักบริหาร |
| 850 | _aNALT | ||
| 942 | _cGB | ||
| 997 | _a36672 ฉ.1 /36673 ฉ.2 | ||
| 997 | _c000000000060406 | ||
| 998 | _aนางสาวสายฝน ดีงาม | ||
| 999 |
_c60406 _d60406 |
||